O livro da selva 2 (Registo nº 2015)

Detalhes MARC
000 -Etiqueta do registo
Cabeçalho 00706nam a22002531 4500
005 - Identificador da versão
Campo de controlo 20240827112039.0
010 ## - Número internacional normalizado dos livros (ISBN)
Número (ISBN) 9722024205
021 ## - Número do Depósito Legal
Código do país PT
Número 190618/03
100 ## - Dados gerais de processamento
Dados gerais de processamento 20040930d2003 cd y0pory5003 ba
101 1# - Língua de publicação
Língua do texto, banda sonora, etc. Português
Língua do documento no original Inglês
102 ## - Pais de publicação ou produção
País de publicação Portugal
105 ## - Campo de dados codificados: livros
Dados codificados dos livros a z 000ay
106 ## - Campo de dados codificados: material textual
Dados codificados do material textual r
200 1# - Titulo e menção de responsabilidade
Título próprio O livro da selva 2
Informação de outro título o livro do filme
Primeira menção de responsabilidade ed. lit. Disney
Outras menções de responsabilidade trad. Fernanda Campos
205 ## - Menção da edição
Menção da edição 1ª ed.
210 ## - Publicação, Distribuição, etc. 
Lugar da edição, distribuição, etc. Lisboa
Nome do editor, distribuidor, etc. Dom Quixote
Data da publicação, distribuição, etc. 2003
215 ## - Descrição física 
Indicação específica da natureza do documento e extensão da espécie 45 p.
Outras indicações físicas muito il.
Dimensões 27 cm
606 ## - Nome comum usado como assunto
Número de registo de entrada de autoridade 0000001
Palavra de ordem Literatura estrangeira infantil
Subdivisão de assunto Conto
675 ## - Classificação Decimal Universal (CDU)
Notação 82-34
Edição
Língua da edição por
702 #1 - Nome de autor-pessoa física (responsabilidade secundária)
Número de registo de entrada de autoridade 0000710
Palavra de ordem Campos
Outra parte do nome não tomada para palavra de ordem Fernanda
Código de função Tradutor
710 02 - Nome de colectividade-autor (responsabilidade principal)
Número de registo de entrada de autoridade 0000305
Palavra de ordem Walt Disney Productions
942 ## - Elementos de entrada adicionados (Koha)
Tipo de item no Koha Livro
Exemplares
Situação do levantamento Origin of item (home branch) (coded) Biblioteca de empréstimo Código de barras Cota Circulation type (not for loan) Tipo de documento Nota do exemplar Damaged status
  Biblioteca Escolar da Coca Maravilhas Biblioteca Escolar da Coca Maravilhas BECM6623/04 8EST DIS   Livro Sem mensagem